Investigating gender : developing a feminist sociological imagination /

Đã lưu trong:
Chi tiết về thư mục
Tác giả chính: Thompson, Martha E.
Tác giả khác: Armato, Michael
Định dạng: Sách
Ngôn ngữ:Tiếng Anh
Được phát hành: Cambridge : Polity Press, 2012
Các nhãn: Thêm thẻ
Không có thẻ, Là người đầu tiên thẻ bản ghi này!

MARC

LEADER 00000nam a22000007i 4500
001 IT\ICCU\MOD\1622477
003 ItRI
005 20260115232005.0
008 131112s2012 xxk|||||| ||||| |||||c
020 |a 9780745651866 
040 |b ita  |c importazione bologna sebina 
041 7 |a eng  |2 ISO-639-2 
100 1 |a Thompson, Martha E.  |0 IT\ICCU\UBOV\432129 
245 1 0 |a Investigating gender :  |b developing a feminist sociological imagination /  |c Martha E. Thompson and Michael Armato. 
260 |a Cambridge :  |b Polity Press,  |c 2012 
300 |a XVII, 350 p. ;  |c 24 cm 
700 1 |a Armato, Michael  |0 IT\ICCU\UBOV\432130 
942 |2 ddc  |c BK  |n 0 
952 |0 0  |1 0  |4 0  |6 DOC_305_309000000000000_THO  |7 0  |9 18555  |a BO  |b BO  |d 2026-01-15  |i 18298  |l 0  |o DOC 305.309 THO  |p BO18298  |r 2026-01-15 23:20:05  |w 2026-01-15  |x [Sebina 5] [1 v.]  |y BK  |z 1 v. 
999 |c 15719  |d 15719